00591nam a2200205Ia 4500003000400000005001700004008004100021020001800062040001800080041000800098082002100106100001800127245008100145250001200226260004900238300002500287650003200312650002500344650001600369OSt20240810094947.0210716s2014 xx 000 0 und d a9780753555194 cAIMIT LIBRARY aeng a374.22 21bTHIP aThiel, Peter. aZero to one : bnotes on startups or how to build the future /cPeter thiel. a1st ed. aNew Delhi :bReplika Press Pvt Ltd ,c2014. a210p. ;bPBc22.5 cm aThe challenge of the future aLast mover advantage aFoundations